=LDR 00000nam 2200000 4500 =001 INLIS000000000049553 =005 20170228142301.0 =006 =007 =008 =020 ##$$a 978-602-255-510-0 =035 ##$$0010-021700000000345 =040 ##$$a NBPDMAT =082 ##$$a 346.048 2 =090 ##$$a R.346.048 2 $bInd u =100 ##$$a Indonesia =245 ##$$a Undang-undang hak cipta paten dan merek $c/ Indonesia =250 ##$$a Cet. 1 =260 ##$$a Yogyakarta $b Saufa $c 2014 =300 ##$$a 316 hlm. ; $c 20 cm =650 ##$$a Hak Cipta - Undang-undang dan Peraturan =850 ##$$a NBPDMAT =990 ##$$a 21606233 =990 ##$$a 21606234